000
00243nam a2200109Ia 4500
008
260210s9999 xx 000 0 und d
020
_a
9789881296726
100
_a
DMPL
245
0
_a
Urban Streetscape Design
260
_b
DMPL
942
_c
BPLAN
999
_c
14230
_d
14230